Statistics for Life Is Strange Quiz

Click here to take the quiz!

General Stats

  • This quiz has been taken 168 times
  • The average score is 11 of 15

Answer Stats

HintAnswer% Correct
Main Characters Best FriendChloe Price
95%
The Year The Game Was Released2015
91%
The Missing GirlRachel Amber
91%
The Photography ProfessorMark Jefferson
88%
Best Friends MotherJoyce Price
82%
Mentally Unstable KidNathan Prescott
81%
Main CharacterMax Caulfield
80%
The Religious GirlKate Marsh
77%
The Mean GirlVictoria Chase
76%
The Drug DealerFrank
75%
Mothers Husband (Alive)David Madsen
74%
Mothers Husband (Dead)William Price
71%
The Main Characters Male FriendWarren Graham
62%
The School PrincipalRay Wells
57%
The Science TeacherMiss Grant
39%

Score Distribution

Percentile by Number Answered

Percent of People with Each Score

Your Score History

You have not taken this quiz